| 000 | 00818nam a2200205Ia 4500 | ||
|---|---|---|---|
| 003 | OSt | ||
| 005 | 20250410162215.0 | ||
| 008 | 191128s2011 ck er 000 f spa d | ||
| 020 | _a9789584472830 | ||
| 040 |
_aCO-JMCR _cCO-JMCR |
||
| 041 | _aspa | ||
| 082 | 0 | 4 |
_aA-N _bCAÑm |
| 100 | 1 |
_aCañola Crespo, Jairo, _d1937 _eautor _96530 |
|
| 245 | 1 | 3 |
_aEl misterio de los billetes ocre : _bel gran enigma en una cadena de golpes de suerte / _cJairo Cañola Crespo |
| 260 |
_aMedellín : _bFundaglobal, _c2011 |
||
| 300 |
_a224 páginas ; _c23 cm. |
||
| 505 | _aAprendiendo a andar solo -- La conformcaión del escenario -- Un golpe de suerte inesperado -- El gran enigma -- Como encaletar una fortuna -- La estadía en una gran ciudad -- Negocios en al frontera | ||
| 650 | 1 | 4 |
_aNovela colombiana _96531 |
| 942 |
_2ddc _cBK |
||
| 999 |
_c4080 _d4080 |
||